| 000 | 00456nam a2200157 4500 | ||
|---|---|---|---|
| 001 | 108507 | ||
| 003 | ES-MaACL | ||
| 005 | 20230906184643.0 | ||
| 007 | t| | ||
| 008 | 061121s1929 fr r ||||1| fre d | ||
| 100 | 1 |
_aMongrédien, Georges. _982202 |
|
| 245 | 1 | 0 |
_aAthalie _b: avec un index alphabetique de tous les noms cites / _cGeorges Mongrédien. |
| 260 |
_aParís : _bF. Paillart, _c1929. |
||
| 300 |
_a161 p. ; _c19 cm. |
||
| 852 |
_aES-MaACL _jA-3159 |
||
| 999 |
_c108507 _d108507 |
||